| 000 | 00397nam a22001697a 4500 | ||
|---|---|---|---|
| 005 | 20251108172612.0 | ||
| 008 | 250721s9999 xx 000 0 eng d | ||
| 082 | 1 | 4 | _a415THO |
| 100 | 1 | _aThornton, Frederic | |
| 245 | 1 | 0 | _aElementary Arabic Grammar / |
| 264 | 1 |
_aLondon : _bDarf, |
|
| 300 | _a239 p | ||
| 650 | 1 | 7 | _aArabic Language |
| 650 | 1 | 7 | _aGrammar |
| 942 |
_2ddc _cBK |
||
| 999 |
_c83708 _d83708 |
||